[Event "ch-FRA Blitz Online Qual"]
[Site "Europe-Chess INT"]
[Date "2020.05.16"]
[Round "3"]
[White "Ellis, Antoine"]
[Black "Terrieux, Kevin"]
[Result "0-1"]
[BlackTitle "IM"]
[WhiteElo "2066"]
[BlackElo "2448"]
[WhiteFideId "36019992"]
[BlackFideId "622591"]
[EventDate "2020.05.16"]

1. d4 d5 2. c4 dxc4 3. Nf3 Nf6 4. e3 a6 5. Bxc4 b5 6. Bb3 Bb7 7. O-O e6 8. Qe2
c5 9. Rd1 Nbd7 10. a3 Qb8 11. Nc3 Bd6 12. h3 O-O 13. Ba2 Qc7 14. Bd2 Rac8 15.
Rac1 Qb8 16. Be1 Rfd8 17. d5 exd5 18. Nxd5 Nxd5 19. Bxd5 Bxd5 20. Rxd5 Nf6 21.
Rf5 Be7 22. Bc3 Qb6 23. g4 Nd5 24. g5 Nxc3 25. Rxc3 g6 26. Rf4 Qe6 27. Kg2 Rd5
28. h4 Rcd8 29. Rc1 Bd6 30. Rf6 Qg4+ 31. Kh1 Be5 32. Rxf7 Qh3+ 33. Kg1 Kxf7 34.
a4 Kg8 35. axb5 axb5 0-1

[Event "ch-FRA Blitz Online Qual"]
[Site "Europe-Chess INT"]
[Date "2020.05.16"]
[Round "3"]
[White "Daeschler, Florian"]
[Black "Demuth, Adrien"]
[Result "1/2-1/2"]
[WhiteTitle "FM"]
[BlackTitle "GM"]
[WhiteElo "2322"]
[BlackElo "2492"]
[WhiteFideId "20678193"]
[BlackFideId "642274"]
[EventDate "2020.05.16"]

1. d4 f5 2. g3 Nf6 3. Bg2 g6 4. Nf3 Bg7 5. O-O O-O 6. b3 d6 7. Bb2 Ne4 8. Nfd2
Nxd2 9. Nxd2 e5 10. dxe5 dxe5 11. Nc4 e4 12. Bxg7 Kxg7 13. Qc1 Nc6 14. Rd1 Qf6
15. Qf4 Rf7 16. h4 Be6 17. Ne3 Qe5 18. Qxe5+ Nxe5 19. Rd4 Nc6 20. Rd2 Rd8 21.
Rad1 Rxd2 22. Rxd2 Kf6 23. f3 exf3 24. exf3 f4 25. gxf4 Re7 26. Kf2 Kf7 27. Bf1
Rd7 28. Rxd7+ Bxd7 29. Bc4+ Be6 30. f5 gxf5 31. f4 Bxc4 32. Nxc4 Nb4 33. Ne3 Ke6
34. a3 Nd5 35. Nxd5 Kxd5 36. Ke3 b5 37. Kd3 c5 38. c4+ bxc4+ 39. bxc4+ Kc6 40.
Kc3 Kb6 41. Kb3 Ka5 42. Kb2 Ka4 43. Ka2 Ka5 44. Kb3 Ka6 45. Kb2 Kb7 46. Kc3 Kc6
47. Kd3 a6 48. Kc3 a5 49. a4 Kd6 50. Kd3 Ke6 51. Ke3 Kf6 52. Kf3 Kg6 53. Kg3 Kh5
54. Kh3 Kh6 55. Kg3 Kh5 56. Kh3 Kh6 57. Kg3 Kh5 1/2-1/2

[Event "ch-FRA Blitz Online Qual"]
[Site "Europe-Chess INT"]
[Date "2020.05.16"]
[Round "3"]
[White "Riff, Jean-Noel"]
[Black "Luminais, Eric"]
[Result "1-0"]
[WhiteTitle "GM"]
[WhiteElo "2504"]
[BlackElo "2161"]
[WhiteFideId "611190"]
[BlackFideId "610372"]
[EventDate "2020.05.16"]

1. e4 c5 2. Nf3 d6 3. d4 cxd4 4. Nxd4 Nf6 5. Nc3 a6 6. h3 e6 7. g4 Be7 8. g5
Nfd7 9. h4 b5 10. Bg2 Bb7 11. a3 Qc7 12. f4 Nc5 13. h5 Nbd7 14. Qg4 Nb6 15. g6
hxg6 16. hxg6 Rxh1+ 17. Bxh1 f5 18. Qh3 Bf6 19. Be3 Nxe4 20. Nxe4 Bxe4 21. Bxe4
fxe4 22. Qxe6+ Qe7 23. Qh3 Nc4 24. O-O-O d5 25. c3 Nxe3 26. Qxe3 Qc5 27. Qh3 Rc8
28. Qe6+ Kf8 29. Qf7# 1-0

[Event "ch-FRA Blitz Online Qual"]
[Site "Europe-Chess INT"]
[Date "2020.05.16"]
[Round "3"]
[White "Nizard, Roger"]
[Black "Miralles, Gilles"]
[Result "0-1"]
[BlackTitle "GM"]
[WhiteElo "2144"]
[BlackElo "2418"]
[WhiteFideId "604569"]
[BlackFideId "600059"]
[EventDate "2020.05.16"]

1. c4 e5 2. Nc3 Nf6 3. Nf3 Nc6 4. e3 g6 5. d4 Qe7 6. d5 Nb8 7. e4 Bg7 8. Bg5 d6
9. Qd2 h6 10. Be3 Ng4 11. Be2 f5 12. Qc2 Nxe3 13. fxe3 Na6 14. a3 Nc5 15. Bd3 a5
16. O-O-O O-O 17. Rhf1 Nxd3+ 18. Qxd3 fxe4 19. Nxe4 Bf5 20. g3 Qd7 21. Nfd2 a4
22. Rf2 Rab8 23. Rdf1 b5 24. cxb5 Rxb5 25. g4 Bxe4 26. Rxf8+ Bxf8 27. Nxe4 Bg7
28. Nc3 Rc5 29. Qxg6 e4 30. Qxe4 Qd8 31. Qe6+ Kh8 32. Qg6 Qg5 33. Qxg5 hxg5 34.
Kd2 Rc4 35. Rf7 Rxg4 36. Rxc7 Rg2+ 37. Ne2 Rxh2 38. Ra7 g4 39. Kd3 Rh5 40. Rxa4
Rxd5+ 41. Kc2 Rg5 42. Re4 g3 43. Ng1 g2 44. Rh4+ Kg8 45. Kd2 Bxb2 46. a4 Bf6 47.
Ke2 Kg7 48. Rh2 Be5 49. Rh3 Rg4 50. Kf2 Kf6 51. Rf3+ Ke6 52. Ne2 Kd5 53. e4+
Kxe4 54. a5 g1=Q+ 55. Nxg1 Bd4+ 56. Ke2 Rg2+ 57. Kd1 Rxg1+ 58. Kc2 Kxf3 59. a6
Ra1 60. a7 Rxa7 61. Kd3 Bc5 62. Kc2 Ra3 63. Kb2 Ke3 64. Kc2 Kd4 65. Kb2 Kc4 66.
Kc2 Ra2+ 67. Kb1 Kb3 68. Kc1 Kc3 69. Kb1 Ra3 0-1

[Event "ch-FRA Blitz Online Qual"]
[Site "Europe-Chess INT"]
[Date "2020.05.16"]
[Round "3"]
[White "Shchekachev, Andrei"]
[Black "Hutois, Mickael"]
[Result "1-0"]
[WhiteTitle "GM"]
[BlackTitle "FM"]
[WhiteElo "2533"]
[BlackElo "2261"]
[WhiteFideId "4107730"]
[BlackFideId "652091"]
[EventDate "2020.05.16"]

1. Nf3 Nf6 2. c4 e6 3. Nc3 d5 4. d4 Bb4 5. g3 O-O 6. Bg2 Nc6 7. O-O dxc4 8. a3
Bxc3 9. bxc3 Ne4 10. Qc2 f5 11. a4 Qf6 12. Bf4 Rf7 13. h4 h6 14. h5 Qd8 15. Ne5
Nxe5 16. dxe5 Nc5 17. Be3 Qe7 18. a5 Bd7 19. a6 Rb8 20. axb7 a6 21. Rfb1 Bb5 22.
Ra5 Nb3 23. Rxb3 cxb3 24. Qxb3 Qd7 25. Ra1 Bc6 26. Bxc6 Qxc6 27. Rb1 a5 28. Ba7
Rff8 29. Bxb8 Rxb8 30. f3 Kh7 31. Kg2 a4 32. Qb4 a3 33. Qxa3 Rxb7 34. Rd1 Rb8
35. Qe7 Re8 36. Qf7 Rg8 37. Qd7 Qc4 38. Qd3 Qc5 39. Qd4 Qc6 40. Kf2 Ra8 41. Rd3
Rb8 42. g4 fxg4 43. Qxg4 Kh8 44. Qg6 Rf8 45. Kg2 Qc4 46. Qg4 Qc5 47. Qd4 Qc6 48.
Qd7 Qc4 49. Qe7 Rg8 50. Kf2 Ra8 51. Rd7 Rg8 52. Rxc7 Qd5 53. Qd6 Qa2 54. c4 Qb1
55. Qxe6 Qd1 56. Qf5 Qd4+ 57. Kg2 Qh4 58. e6 Re8 59. Rxg7 1-0

[Event "ch-FRA Blitz Online Qual"]
[Site "Europe-Chess INT"]
[Date "2020.05.16"]
[Round "3"]
[White "Msellek, Ilyass"]
[Black "Kurmann, Oliver"]
[Result "0-1"]
[WhiteTitle "FM"]
[BlackTitle "IM"]
[WhiteElo "2316"]
[BlackElo "2430"]
[WhiteFideId "675938"]
[BlackFideId "1308173"]
[EventDate "2020.05.16"]

1. d4 Nf6 2. Nf3 e6 3. e3 b6 4. Bd3 Bb7 5. O-O d5 6. Nbd2 Bd6 7. b3 O-O 8. Bb2
c5 9. Ne5 Nc6 10. f4 Rc8 11. a3 Ne7 12. Qe2 Ne4 13. Nxe4 dxe4 14. Bc4 cxd4 15.
exd4 Qc7 16. a4 Kh8 17. Qh5 Nd5 18. f5 Ne3 19. fxe6 Nxf1 20. exf7 Bxe5 21. Rxf1
Bf6 22. Be6 g6 23. Qg4 Qxc2 24. Rxf6 Qxb2 25. Bxc8 Qxd4+ 26. Rf2 Bxc8 27. Qh4
Be6 28. Kf1 Qd1# 0-1

[Event "ch-FRA Blitz Online Qual"]
[Site "Europe-Chess INT"]
[Date "2020.05.16"]
[Round "3"]
[White "Parligras, Mircea-Emilian"]
[Black "Zachary, Matheo"]
[Result "1/2-1/2"]
[WhiteTitle "GM"]
[BlackTitle "FM"]
[WhiteElo "2591"]
[BlackElo "2334"]
[WhiteFideId "1204297"]
[BlackFideId "26024691"]
[EventDate "2020.05.16"]

1. d4 d5 2. c4 c6 3. Nf3 Nf6 4. Nc3 dxc4 5. a4 Bf5 6. Ne5 Nbd7 7. Nxc4 Qc7 8. g3
e5 9. dxe5 Nxe5 10. Bf4 Nfd7 11. Bg2 f6 12. O-O g5 13. Bxe5 Nxe5 14. Nxe5 Qxe5
15. a5 a6 16. Qb3 O-O-O 17. Na4 Be6 18. Qc2 Kb8 19. Rfc1 Bb4 20. Nb6 Rd2 21. Qa4
Qxe2 22. Rf1 Qb5 23. Qxb5 axb5 24. a6 bxa6 25. Rxa6 Kb7 26. Rfa1 Rb8 27. Bxc6+
Kc7 28. Na8+ Kd8 29. Be4 Ke7 30. Nc7 Bf7 31. Bxh7 Bc5 32. Re1+ Kf8 33. Rf1 Bc4
34. Ne6+ Bxe6 35. Rxe6 Kf7 36. Rc6 Bd4 37. b3 b4 38. Be4 Re8 39. Bd5+ Kf8 40.
Re6 Rxe6 41. Bxe6 Ke7 42. Bc4 Kd6 43. h3 Kc5 44. Kg2 Kd6 45. h4 gxh4 46. gxh4 f5
47. h5 Ra2 48. h6 Ra7 49. Bg8 Ke5 50. h7 Kf4 51. Rd1 Be5 52. Rd5 Bc3 53. Rc5 Bh8
54. Rc4+ Kg5 55. Rxb4 Rc7 56. f4+ Kg4 57. Kf2 Rc2+ 58. Ke3 Rc3+ 59. Kd2 Rf3 60.
Be6 Rxf4 61. Rxf4+ Kxf4 62. b4 Kg5 63. b5 Kh6 64. Bxf5 Be5 65. Kd3 Kg7 66. Ke4
Bh2 67. Kd5 Bg3 68. Kc6 Bh2 69. b6 Bg3 70. Kd7 Bh2 71. Kc8 Bg3 72. b7 Bh2 73.
b8=Q Bxb8 74. Kxb8 Kh8 75. Kc7 Kg7 76. Kd7 Kh8 77. Ke7 Kg7 78. Ke6 Kh8 79. Kf7 1/2-1/2

[Event "ch-FRA Blitz Online Qual"]
[Site "Europe-Chess INT"]
[Date "2020.05.16"]
[Round "3"]
[White "Lucas, Arthur"]
[Black "Wirig, Anthony"]
[Result "1/2-1/2"]
[WhiteTitle "FM"]
[BlackTitle "GM"]
[WhiteElo "2283"]
[BlackElo "2499"]
[WhiteFideId "26093073"]
[BlackFideId "615013"]
[EventDate "2020.05.16"]

1. e4 g6 2. d4 Bg7 3. Nc3 c6 4. Be3 d5 5. e5 f6 6. f4 Nh6 7. Nf3 Bg4 8. Be2 O-O
9. O-O Nf5 10. Bf2 Bh6 11. g3 e6 12. Kg2 Bxf3+ 13. Bxf3 fxe5 14. dxe5 Nd7 15.
Ne2 Rf7 16. Nd4 Nxd4 17. Qxd4 Bf8 18. Bg4 Bc5 19. Qd3 Bxf2 20. Bxe6 Bb6 21.
Bxf7+ Kxf7 22. f5 Nxe5 23. fxg6+ Kg7 24. Qf5 Nxg6 25. Qf7+ Kh8 26. Rae1 Bd4 27.
Qxb7 Rb8 28. Qxc6 Bg7 29. b3 Rc8 30. Qb5 Rxc2+ 31. Kh1 Rc8 32. Rf7 d4 33. Rd7
Qb6 34. Qxb6 axb6 35. Rd1 Kg8 36. Kg2 h6 37. Kh3 b5 38. Rb7 Rc5 39. Kg4 h5+ 40.
Kf3 d3 41. Ke4 Ne5 42. Rb8+ Kh7 43. h3 Rc2 44. Rxb5 Re2+ 45. Kd5 d2 46. Kd4 Nf3+
47. Kd3 Re1 48. Rxd2 Nxd2 49. Kxd2 Ra1 50. Rxh5+ Kg6 51. Ra5 Rg1 52. g4 Rg3 53.
Kc2 Rxh3 54. b4 Rc3+ 55. Kb1 Rg3 56. a3 Rxg4 57. Ka2 Bd4 58. Kb3 Kf6 59. Ra6+
Ke5 60. Rc6 Kd5 61. Rc8 Rg3+ 62. Ka4 Be5 63. Rd8+ Bd6 64. Rc8 Rd3 65. Rc2 Rg3
66. Rd2+ Kc6 67. Rc2+ Kd7 68. Rd2 Re3 69. Rc2 Re8 70. Kb3 Ra8 71. Rc3 Re8 72.
Rc2 Re4 73. Rc4 Re3+ 74. Rc3 Re1 75. Rc2 Be5 76. Rd2+ Kc6 77. Rc2+ Kd5 78. Rc5+
Kd4 79. Rc4+ Kd3 80. Rc8 Rb1+ 81. Ka4 Bd4 82. Rc6 Ra1 83. Kb3 Rb1+ 84. Ka4 Bb2
85. Kb3 Be5+ 86. Ka4 Bf4 87. Rc8 Bc1 88. Rd8+ Kc4 89. Rc8+ Kd5 90. Rd8+ Kc6 91.
Rc8+ Kb7 92. Rc3 Bf4 93. Rc4 Bd6 94. Rc3 Kb6 95. Rd3 Be5 96. Re3 Bd4 97. Rd3 Be5
98. Re3 Bd6 99. Rd3 Kc6 100. Rc3+ Kd5 101. Rb3 Ra1 102. Rd3+ Ke5 103. Kb3 Bc7
104. Re3+ Kd4 105. Rc3 Be5 106. Rc8 Kd3 1/2-1/2

[Event "ch-FRA Blitz Online Qual"]
[Site "Europe-Chess INT"]
[Date "2020.05.16"]
[Round "3"]
[White "Arnaudov, G. Petar"]
[Black "Bressy, Theo"]
[Result "1-0"]
[WhiteTitle "GM"]
[BlackTitle "FM"]
[WhiteElo "2471"]
[BlackElo "2289"]
[WhiteFideId "2907127"]
[BlackFideId "26022842"]
[EventDate "2020.05.16"]

1. d4 Nf6 2. c4 e5 3. dxe5 Ng4 4. Nf3 Bc5 5. e3 Nc6 6. Be2 O-O 7. O-O Ngxe5 8.
Nxe5 Nxe5 9. Nc3 Re8 10. b3 a5 11. Ne4 Bf8 12. Bb2 Ra6 13. f4 Ng6 14. Bd3 f5 15.
Ng5 Rxe3 16. Qh5 h6 17. Bxf5 Nxf4 18. Bh7+ Kh8 19. Qf7 Nh3+ 20. Kh1 1-0

[Event "ch-FRA Blitz Online Qual"]
[Site "Europe-Chess INT"]
[Date "2020.05.16"]
[Round "3"]
[White "Vedmediuc, Serghei"]
[Black "Alloui-Cros, Baptiste"]
[Result "1-0"]
[WhiteTitle "IM"]
[WhiteElo "2464"]
[BlackElo "2139"]
[WhiteFideId "13900790"]
[BlackFideId "20699824"]
[EventDate "2020.05.16"]

1. e4 Nf6 2. e5 Nd5 3. d4 d6 4. c4 Nb6 5. exd6 cxd6 6. Nc3 g6 7. Nf3 Bg7 8. h3
O-O 9. Be2 Nc6 10. O-O Bf5 11. Re1 a6 12. b3 d5 13. c5 Nc8 14. Bf1 Re8 15. Bf4
e5 16. dxe5 d4 17. Na4 N8e7 18. Nb6 Rb8 19. Bc4 d3 20. g4 Be6 21. Bxe6 fxe6 22.
Re3 Rf8 23. Rxd3 Qe8 24. Bg3 Nd5 25. Nxd5 exd5 26. Rxd5 Qe6 27. Rd6 Qe7 28. Qd5+
Kh8 29. Re1 Rbe8 30. Kg2 h5 31. Rxg6 hxg4 32. hxg4 Rd8 33. Rh1+ Bh6 34. Rhxh6+ 1-0

[Event "ch-FRA Blitz Online Qual"]
[Site "Europe-Chess INT"]
[Date "2020.05.16"]
[Round "3"]
[White "Cahen, Alexis"]
[Black "Marcelin, Cyril"]
[Result "1/2-1/2"]
[BlackTitle "GM"]
[WhiteElo "2122"]
[BlackElo "2444"]
[WhiteFideId "26076918"]
[BlackFideId "607274"]
[EventDate "2020.05.16"]

1. e4 g6 2. Nf3 d5 3. exd5 Qxd5 4. Nc3 Qd6 5. Bc4 Bg7 6. d4 Nf6 7. h3 O-O 8. O-O
a6 9. Be3 b5 10. Bb3 Bb7 11. Qe2 e6 12. Rfe1 Nc6 13. Rad1 Na5 14. Ne5 Nxb3 15.
axb3 c5 16. Bf4 Qe7 17. dxc5 Qxc5 18. Qe3 Qxe3 19. Rxe3 Rfd8 20. Red3 Rxd3 21.
Rxd3 Nd5 22. Nxd5 Bxd5 23. c4 bxc4 24. bxc4 Bxe5 25. Bxe5 Bxc4 26. Rc3 Bd5 27.
b4 h6 28. Kh2 g5 29. g4 Kh7 30. Rc7 Kg6 31. Rc5 f6 32. Bc3 f5 33. gxf5+ Kxf5 34.
Kg3 h5 35. h4 Rg8 36. b5 axb5 37. Rxb5 gxh4+ 38. Kxh4 Rg4+ 39. Kxh5 Rg2 40. Kh4
Rxf2 41. Rc5 Kf4 42. Kh5 Be4 43. Kh6 Rg2 44. Be5+ Ke3 45. Bd6 Rg6+ 46. Kh5 Rg2
47. Re5 Kd4 48. Rxe6 Rg1 49. Bf8 Rf1 50. Bg7+ Kd3 51. Rf6 Rg1 52. Rd6+ Ke2 53.
Bh6 Bf3+ 54. Kh4 Rh1+ 55. Kg5 Rh5+ 56. Kg6 Rb5 57. Rf6 Be4+ 58. Kg7 Rb7+ 59. Rf7
Rb6 60. Rf6 Rb5 61. Re6 Kf3 62. Kf8 Bf5 63. Rf6 Kg4 64. Ke7 Rb7+ 65. Kd6 Rb6+
66. Ke5 Rb5+ 67. Kd6 Ra5 68. Bf8 Ra6+ 69. Ke5 Ra5+ 70. Kd6 Ra8 71. Be7 Kf4 72.
Rf8 Ra6+ 73. Kd5 Ra5+ 74. Kd4 Ra4+ 75. Kc5 Ra7 76. Bd6+ Ke4 77. Re8+ Kd3 78. Rf8
Be4 79. Bb8 Ra5+ 80. Kb6 Ra2 81. Bd6 Kc4 82. Rf4 Kd5 83. Bb4 Rb2 84. Ka5 Bd3 85.
Rf8 Ra2+ 86. Kb6 Ra6+ 87. Kb7 Rg6 88. Rd8+ Kc4 89. Bd6 Be4+ 90. Kc7 Kb5 91. Be7
Rc6+ 92. Kd7 Bf5+ 93. Ke8 Kc4 94. Rd6 Rc8+ 95. Rd8 Rc6 96. Rd6 Rc5 97. Rd4+ Kxd4
98. Bxc5+ Kxc5 1/2-1/2

[Event "ch-FRA Blitz Online Qual"]
[Site "Europe-Chess INT"]
[Date "2020.05.16"]
[Round "3"]
[White "Testud, Philippe"]
[Black "Joie, Sebastien"]
[Result "1/2-1/2"]
[BlackTitle "IM"]
[WhiteElo "2123"]
[BlackElo "2393"]
[WhiteFideId "611409"]
[BlackFideId "650420"]
[EventDate "2020.05.16"]

1. d4 d5 2. Nf3 Nf6 3. Bf4 c5 4. e3 Nc6 5. Nbd2 cxd4 6. exd4 Bf5 7. c3 e6 8. Bb5
Bd6 9. Ne5 Qc7 10. O-O O-O 11. Ndf3 Nd7 12. Re1 Ndxe5 13. Bxe5 Bg4 14. Bxd6 Qxd6
15. h3 Bxf3 16. Qxf3 Ne7 17. Bd3 Rab8 18. Re5 Ng6 19. Bxg6 hxg6 20. h4 b5 21. a3
a5 22. h5 gxh5 23. Rxh5 g6 24. Qf6 gxh5 25. Qg5+ Kh7 26. Qxh5+ Kg7 27. Qg5+ Kh7
28. Qh5+ Kg7 29. Qg5+ Kh7 30. Qh5+ 1/2-1/2

[Event "ch-FRA Blitz Online Qual"]
[Site "Europe-Chess INT"]
[Date "2020.05.16"]
[Round "3"]
[White "Suarez Real, Alberto"]
[Black "Samoun, Florent"]
[Result "1-0"]
[WhiteTitle "IM"]
[BlackTitle "FM"]
[WhiteElo "2448"]
[BlackElo "2299"]
[WhiteFideId "2218534"]
[BlackFideId "664995"]
[EventDate "2020.05.16"]

1. e4 Nf6 2. e5 Nd5 3. d4 d6 4. c4 Nb6 5. exd6 cxd6 6. Nc3 g6 7. Be3 Bg7 8. Rc1
O-O 9. b3 Nc6 10. Be2 a5 11. d5 Ne5 12. f4 Ned7 13. Nf3 a4 14. O-O axb3 15. axb3
Nf6 16. Nd4 Nbd7 17. Qc2 Nc5 18. b4 Na6 19. Qb3 Bd7 20. h3 Rc8 21. Rfd1 Re8 22.
Bf2 h5 23. Kh1 Bh6 24. Be3 Kh7 25. Rf1 e6 26. dxe6 fxe6 27. Ncb5 e5 28. fxe5
dxe5 29. Bxh6 Kxh6 30. Qe3+ Kg7 31. Nf3 Bxb5 32. cxb5 Nxb4 33. Rxc8 Qxc8 34. Ng5
Nbd5 35. Qf2 Rf8 36. Qg3 Nf4 37. Bf3 b6 38. Bc6 Qf5 39. Nf3 Ne2 40. Qe1 Nd4 41.
Nxd4 Qxf1+ 42. Qxf1 exd4 43. Qd3 Rd8 44. Bf3 Rd6 45. Qa3 Rd7 46. Bc6 Rf7 47. Qd6
Nh7 48. Qxd4+ Kh6 49. Qe3+ Kg7 50. Qxb6 g5 51. Qd4+ Kh6 52. b6 g4 53. hxg4 hxg4
54. b7 g3 55. Qh4+ Kg6 56. Qxg3+ Ng5 57. b8=Q Rf6 58. Qbe5 1-0

[Event "ch-FRA Blitz Online Qual"]
[Site "Europe-Chess INT"]
[Date "2020.05.16"]
[Round "3"]
[White "Kovacs, Klara"]
[Black "Polivanov, Anatoliy"]
[Result "0-1"]
[WhiteTitle "WIM"]
[BlackTitle "IM"]
[WhiteElo "2154"]
[BlackElo "2452"]
[WhiteFideId "733210"]
[BlackFideId "14109468"]
[EventDate "2020.05.16"]

1. Nf3 f5 2. e4 fxe4 3. Ng5 Nf6 4. d3 e3 5. Bxe3 e5 6. Nc3 Be7 7. Be2 O-O 8. Qd2
d5 9. d4 Nc6 10. Nf3 exd4 11. Nxd4 Ne5 12. Bf4 Ng6 13. Bg3 c5 14. Nf3 d4 15.
Bc4+ Kh8 16. Ne2 Ne4 17. Qd3 Bf5 18. Qb3 Qa5+ 19. c3 d3 20. Bxd3 Nxg3 21. hxg3
Bxd3 22. Nc1 c4 23. Qd1 Rad8 24. Nxd3 cxd3 25. Qd2 Qd5 26. O-O Rxf3 27. gxf3 Ne5
28. Qe3 Nxf3+ 29. Kh1 Rf8 0-1

[Event "ch-FRA Blitz Online Qual"]
[Site "Europe-Chess INT"]
[Date "2020.05.16"]
[Round "3"]
[White "Pujari, Rucha"]
[Black "Barbot, Pierre1"]
[Result "0-1"]
[WhiteTitle "WIM"]
[BlackTitle "IM"]
[WhiteElo "2244"]
[BlackElo "2443"]
[WhiteFideId "5024528"]
[BlackFideId "663727"]
[EventDate "2020.05.16"]

1. d4 Nf6 2. c4 e6 3. Nf3 Bb4+ 4. Bd2 Qe7 5. g3 Nc6 6. Bg2 Bxd2+ 7. Qxd2 Ne4 8.
Qc2 Qb4+ 9. Nbd2 Nxd2 10. Qxd2 Qxc4 11. O-O d5 12. Rfc1 Qb5 13. Bf1 Qb6 14. b4
O-O 15. a4 a5 16. b5 Nb4 17. Qf4 c6 18. e3 Bd7 19. Ne5 Be8 20. h4 f6 21. Ng4
cxb5 22. Bxb5 Bxb5 23. axb5 Qxb5 24. Rc7 Qb6 0-1

[Event "ch-FRA Blitz Online Qual"]
[Site "Europe-Chess INT"]
[Date "2020.05.16"]
[Round "3"]
[White "Maze, Sebastien"]
[Black "Chabradze, Boris"]
[Result "1-0"]
[WhiteTitle "GM"]
[WhiteElo "2557"]
[BlackElo "2101"]
[WhiteFideId "613762"]
[BlackFideId "13603019"]
[EventDate "2020.05.16"]

1. d4 Nf6 2. Nf3 d6 3. Nc3 Bf5 4. h3 g6 5. g4 Bd7 6. Bg2 Bg7 7. Bg5 O-O 8. Qd2
c6 9. Bh6 Qc7 10. Bxg7 Kxg7 11. O-O e5 12. dxe5 dxe5 13. Rfd1 h6 14. Qd6 Qxd6
15. Rxd6 Re8 16. Rad1 e4 17. Nd4 e3 18. f4 a5 19. Nb3 Re7 20. Na4 b5 21. Nac5 a4
22. Nd4 Ra7 23. Nxd7 Raxd7 24. Nxc6 Nxc6 25. Bxc6 Rxd6 26. Rxd6 Ne4 27. Rd7 Re6
28. Bd5 1-0

[Event "ch-FRA Blitz Online Qual"]
[Site "Europe-Chess INT"]
[Date "2020.05.16"]
[Round "3"]
[White "Soubirou, Oriane"]
[Black "Efimov, Igor"]
[Result "0-1"]
[BlackTitle "GM"]
[WhiteElo "2144"]
[BlackElo "2409"]
[WhiteFideId "686034"]
[BlackFideId "806404"]
[EventDate "2020.05.16"]

1. e4 c5 2. Nf3 Nc6 3. b4 cxb4 4. d4 d6 5. a3 bxa3 6. Bxa3 Nf6 7. Bd3 Bg4 8. c3
e6 9. O-O Be7 10. Nbd2 O-O 11. Rb1 b6 12. d5 exd5 13. exd5 Ne5 14. Be2 Nxd5 15.
Qb3 Nf4 16. Bb5 Nxf3+ 17. Nxf3 Bxf3 18. gxf3 Qc8 19. Qc4 Qf5 20. Kh1 d5 21. Qb3
Qh3 22. Rg1 Qxf3+ 0-1

[Event "ch-FRA Blitz Online Qual"]
[Site "Europe-Chess INT"]
[Date "2020.05.16"]
[Round "3"]
[White "Travadon, Loic"]
[Black "Janzelj, Lara"]
[Result "1-0"]
[WhiteTitle "IM"]
[BlackTitle "WIM"]
[WhiteElo "2431"]
[BlackElo "2210"]
[WhiteFideId "26092131"]
[BlackFideId "14608391"]
[EventDate "2020.05.16"]

1. d4 d5 2. c4 dxc4 3. Nf3 Nf6 4. e3 b5 5. a4 b4 6. Bxc4 e6 7. O-O Be7 8. b3 O-O
9. Bb2 Bb7 10. Nbd2 c5 11. dxc5 Nbd7 12. c6 Bxc6 13. Rc1 Bb7 14. Qe2 Nd5 15.
Rfd1 a5 16. Ne4 N7f6 17. Nxf6+ Bxf6 18. Bxf6 Qxf6 19. Bxd5 Bxd5 20. Nd2 Rac8 21.
e4 Ba8 22. Nc4 h6 23. f3 Qg5 24. Qe3 Qh5 25. Nb6 Rxc1 26. Rxc1 Rd8 27. h3 Qe5
28. Nc4 Qc7 29. Kf2 Rc8 30. Rd1 Bb7 31. Rd6 Qe7 32. Qb6 Ba8 33. Qxa5 Qh4+ 34.
Kf1 Kh7 35. Qxb4 Qf4 36. Qd2 Qg3 37. a5 f5 38. exf5 Bxf3 39. gxf3 Qxf3+ 40. Qf2
Qxh3+ 41. Kg1 Qg4+ 42. Qg2 Qxf5 43. Rd1 Qc5+ 44. Qf2 Qg5+ 45. Qg2 Qh5 46. Kf2
Rc5 47. Rd3 Qh4+ 48. Ke2 Qh5+ 49. Kd2 Rg5 50. Qe4+ Rg6 51. a6 Qh2+ 52. Kc3 Qa2
53. Rd6 Qa1+ 54. Kb4 Qg1 55. Rxe6 h5 56. Qxg6+ 1-0

[Event "ch-FRA Blitz Online Qual"]
[Site "Europe-Chess INT"]
[Date "2020.05.16"]
[Round "3"]
[White "Djidjeli, Sofiane"]
[Black "Nasuta, Grzegorz"]
[Result "1/2-1/2"]
[BlackTitle "GM"]
[WhiteElo "2209"]
[BlackElo "2558"]
[WhiteFideId "36067520"]
[BlackFideId "1141686"]
[EventDate "2020.05.16"]

1. e4 e5 2. Nf3 Nc6 3. d4 exd4 4. Nxd4 Nf6 5. Nc3 Bb4 6. Nxc6 bxc6 7. Bd3 d5 8.
exd5 cxd5 9. O-O O-O 10. Qf3 c6 11. Bg5 h6 12. Bxf6 Qxf6 13. Qxf6 gxf6 14. Ne2
Re8 15. c3 Bf8 16. Rad1 Re5 17. Nd4 Bb7 18. Nf3 Ree8 19. Rfe1 a5 20. Nh4 Re5 21.
f4 Rxe1+ 22. Rxe1 Rb8 23. b3 c5 24. Nf5 c4 25. bxc4 Ba6 26. Ne7+ Bxe7 27. Rxe7
dxc4 28. Be4 Rb2 29. Bd5 Rxa2 30. Rxf7 Kh8 31. Rxf6 Bb5 32. Rxh6+ Kg7 33. Rb6
Ra1+ 34. Kf2 Ba4 35. Bxc4 Bc2 36. Rb2 Be4 37. Ke3 Bc6 38. Kd4 a4 39. Ra2 Rd1+
40. Kc5 Bd7 41. Bb5 Be6 42. Rxa4 Rd5+ 43. Kc6 Rd2 44. Ra7+ Kf6 45. c4 Rxg2 46.
Rh7 Rf2 47. h4 Rxf4 48. Kc5 Rf5+ 49. Kb4 Rf4 50. h5 Bf7 51. Rh8 Kg7 52. Rc8 Bxh5
53. Rc7+ Kf6 54. Rc6+ Ke7 55. Rc7+ Kd6 56. Rd7+ Ke6 57. Rd2 Bf7 58. Kc5 Ke7 59.
Rd7+ Ke6 60. Ra7 Kf6 61. Ra6+ Ke7 62. Ra4 Be6 63. Kb6 Kf6 64. c5 Rxa4 65. Bxa4
Ke7 66. Kc7 Bd5 67. Bc6 Bb3 68. Kc8 Bc4 69. Kc7 Bb3 70. Bb5 Bd5 71. Bc6 Bb3 1/2-1/2

[Event "ch-FRA Blitz Online Qual"]
[Site "Europe-Chess INT"]
[Date "2020.05.16"]
[Round "3"]
[White "Valles Moreno, Ivan"]
[Black "Trabet, Mathis"]
[Result "1-0"]
[WhiteTitle "IM"]
[WhiteElo "2417"]
[BlackElo "2118"]
[WhiteFideId "2205688"]
[BlackFideId "36041289"]
[EventDate "2020.05.16"]

1. Nf3 c5 2. c4 Nc6 3. d4 cxd4 4. Nxd4 g6 5. e4 Bg7 6. Be3 Nf6 7. Nc3 Ng4 8.
Qxg4 Nxd4 9. Qd1 Ne6 10. Rc1 d6 11. Bd3 Bd7 12. O-O Bc6 13. Qd2 Qa5 14. f4 Nc5
15. Kh1 O-O 16. f5 Bxc3 17. Rxc3 Bxe4 18. Bxc5 Bxd3 19. Bd4 Bxf1 20. Qh6 f6 21.
Rh3 Rf7 22. fxg6 Rg7 23. gxh7+ Kh8 24. Rg3 Rxg3 25. hxg3 Qg5 26. Qxg5 Kxh7 27.
Qf5+ Kg7 28. Qxf1 Kf7 29. Kg1 e5 30. Bc3 Ke6 31. g4 Rg8 32. Qf5+ Ke7 33. Qe4 Rg5
34. Qxb7+ Ke6 35. Qd5+ Ke7 36. Bb4 Kf8 37. Qxd6+ Kg7 38. Qd7+ Kg6 39. Be7 a5 40.
c5 a4 41. c6 a3 42. bxa3 e4 43. c7 e3 44. Qd3+ Kh6 45. c8=Q Kg7 46. Qxe3 Re5 47.
Qxe5 fxe5 48. Qe6 e4 49. Qf6+ Kg8 50. Bf8 e3 51. Qg7# 1-0